Didáctica de las ciencias sociales: ¿cómo enseñar? ¿cómo aprender?

Gespeichert in:
Bibliographische Detailangaben
1. Verfasser: Caldarola, Gabriel Carlos (VerfasserIn)
Format: Buch
Sprache:Spanisch
Veröffentlicht: Buenos Aires Bonum 2005
Ausgabe:2a. ed
Schlagworte:
Tags: Tag hinzufügen
Keine Tags, Fügen Sie den ersten Tag hinzu!

MARC

LEADER 00000nam a2200000 a 4500
001 UCI9510
003 CL-VaPUC
008 081120e20050000AG |||||||||||||||||spa|d
020 |a 9505077335 
082 0 4 |a 372.83  |b CAL  |2 21 
100 0 |a Caldarola, Gabriel Carlos  |e author  |9 533317 
245 1 0 |a Didáctica de las ciencias sociales: ¿cómo enseñar? ¿cómo aprender? 
250 |a 2a. ed 
300 |a 113 p 
942 |c BK 
945 |d 20081120 00:00:00  |a jtorresc 
260 |a Buenos Aires  |b Bonum  |c 2005 
650 0 |a Enseñanza de las ciencias sociales  |9 337823 
650 0 |a Métodos de enseñanza  |9 270413 
650 0 |a Ciencias sociales   |9 256351 
583 |a last modification  |c 20081120 00:00:00  |k Rodrigo Vera 
999 |c 332034  |d 332032 
952 |0 0  |1 0  |4 0  |6 372_830000000000000_CAL_2005  |7 0  |8 A  |9 419381  |a BIBEDU  |b BIBEDU  |d 2019-11-22  |i 449721K  |o 372.83 CAL 2005  |p 449721K  |r 2019-11-22  |w 2019-11-22  |y BK  |k EPE